000 00273nam a2200097Ia 4500
001 1111881
005 20250827003920.0
008 250824s9999 xx 000 0 und d
245 0 _aCENNETİN GÜLÜ HZ.MUHAMMED(S.A.V.)
_cSİNAN YAĞMUR
260 _bKARATAY AKADEMİ YAYINLARI
999 _c1111881
_d1111881